<?xml version="1.0" encoding="UTF-8"?>
<record
    xmlns:xsi="http://www.w3.org/2001/XMLSchema-instance"
    xsi:schemaLocation="http://www.loc.gov/MARC21/slim http://www.loc.gov/standards/marcxml/schema/MARC21slim.xsd"
    xmlns="http://www.loc.gov/MARC21/slim">

  <leader>     nam a22     7a 4500</leader>
  <datafield tag="999" ind1=" " ind2=" ">
    <subfield code="c">336697</subfield>
    <subfield code="d">336697</subfield>
  </datafield>
  <controlfield tag="003">IT-MiCISF</controlfield>
  <controlfield tag="005">20170531113221.0</controlfield>
  <controlfield tag="008">170530b        xxu||||| |||| 00| 0 eng d</controlfield>
  <datafield tag="040" ind1=" " ind2=" ">
    <subfield code="c">IT-MiCISF</subfield>
  </datafield>
  <datafield tag="041" ind1=" " ind2=" ">
    <subfield code="a">it</subfield>
  </datafield>
  <datafield tag="100" ind1=" " ind2=" ">
    <subfield code="a">Tommaselli Agostino</subfield>
    <subfield code="9">56491</subfield>
  </datafield>
  <datafield tag="245" ind1=" " ind2=" ">
    <subfield code="a">L'amore non &#xE8; un sentimento</subfield>
    <subfield code="b">Piccolo manuale dell'amore vero</subfield>
  </datafield>
  <datafield tag="260" ind1=" " ind2=" ">
    <subfield code="a">Milano</subfield>
    <subfield code="b">Sugarco</subfield>
    <subfield code="c">2016</subfield>
  </datafield>
  <datafield tag="300" ind1=" " ind2=" ">
    <subfield code="a">pp. 134</subfield>
  </datafield>
  <datafield tag="500" ind1=" " ind2=" ">
    <subfield code="a">matrimonio-sacramento, amore-coniugale, magistero</subfield>
  </datafield>
  <datafield tag="501" ind1=" " ind2=" ">
    <subfield code="a">Prefazione di Guzzo G., Postfazione di Perucchetti E.</subfield>
  </datafield>
  <datafield tag="520" ind1=" " ind2=" ">
    <subfield code="a">Il titolo di questo libro, a molti, pu&#xF2; suonare come una provocazione, una tesi platealmente falsa: &#xAB;l&#x2019;amore non &#xE8; un sentimento&#xBB;. Ma &#xE8; ovvio che lo sia,  anche perch&#xE9;, se non un sentimento, che cosa mai potrebbe essere? Se per&#xF2; si pensa che nell&#x2019;amore correttamente inteso e autenticamente vissuto c&#x2019;&#xE8; qualcosa di altro e di totalizzante che non pu&#xF2; essere di natura sentimentale, allora questo libro pu&#xF2; essere pi&#xF9; di una provocazione. Seguendo i suggerimenti di psicologi e psicoterapeuti esperti nelle dinamiche di coppia e basandosi sui pi&#xF9; recenti studi di sociologia, l&#x2019;autore ci accompagna in un percorso alla riscoperta dell&#x2019;amore vero, del matrimonio, della famiglia. Un libro-indagine che intende rivelare l&#x2019;amore di coppia in tutta la sua bellezza, restituendolo al suo significato pi&#xF9; autentico, lontano da ipocrisie e falsi miti.</subfield>
  </datafield>
  <datafield tag="650" ind1=" " ind2=" ">
    <subfield code="a">matrimonio</subfield>
    <subfield code="9">56048</subfield>
  </datafield>
  <datafield tag="654" ind1=" " ind2=" ">
    <subfield code="a">saggio</subfield>
  </datafield>
  <datafield tag="942" ind1=" " ind2=" ">
    <subfield code="2">ddc</subfield>
    <subfield code="c">BK</subfield>
  </datafield>
  <datafield tag="952" ind1=" " ind2=" ">
    <subfield code="0">0</subfield>
    <subfield code="1">0</subfield>
    <subfield code="2">ddc</subfield>
    <subfield code="4">0</subfield>
    <subfield code="6">A_2225_000000000000000</subfield>
    <subfield code="7">1</subfield>
    <subfield code="a">CISF</subfield>
    <subfield code="b">CISF</subfield>
    <subfield code="d">2017-05-30</subfield>
    <subfield code="l">0</subfield>
    <subfield code="o">a2225</subfield>
    <subfield code="p">9788871987095</subfield>
    <subfield code="r">2017-05-30 00:00:00</subfield>
    <subfield code="w">2017-05-30</subfield>
    <subfield code="y">BK</subfield>
  </datafield>
</record>
